Statistics for Confidence - Ocean Alley - All Lyrics

Click here to take the quiz!

General Stats

  • This quiz has been taken 7 times
  • The average score is 164 of 205

Answer Stats

Answer% Correct
a
100%
baby
100%
confidence,
100%
confident
100%
I
100%
It's
100%
it's
100%
me
100%
She
100%
she
100%
she's
100%
She's
100%
She’s
100%
that
100%
was
100%
about
80%
all
80%
All
80%
And
80%
and
80%
crazy
80%
driving
80%
know
80%
lady
80%
my
80%
of
80%
out
80%
this,
80%
But
60%
'Cause
60%
hate
60%
knows,
60%
knows
60%
league
60%
making
60%
nervous
60%
nervous,
60%
now
60%
probably
60%
said
60%
she'll
60%
think
60%
after
40%
should've
40%
Well,
20%
well,
20%

Score Distribution

Percentile by Number Answered

Percent of People with Each Score

Your Score History

You have not taken this quiz